02041nam a2200349 450000100030000000300040000300500170000700800410002404000080006504100130007308200150008610000390010124000240014024500970016425000200026126000320028130000110031349000340032450000480035852010820040665000250148865000140151365000130152765000210154065000130156165000150157465000100158965500120159965500160161170000300162783000340165766OSt20250528074010.0250123b |||||||j |||| 00| 1 eng d bpor hengapor a813bB811b1 aBradley, Marion Zimmer,d1930-1999 aThe Mists of Avalon aAs brumas de Avalon:bO Gamo-Rei /cBradley, Marion Zimmer ; Tradução de Waltensir Dutra a12° edição aRio de JaneirobImagoc1985 a246 p.1 aAs Brumas de Avalonvlivro 03 aO Gamo-Rei Sequência de: A grande rainha aO terceiro livro da série Mists of Avalon envolve a releitura imaginativa da lenda arturiana, centrada nas sacerdotisas pagãs de Avalon, que competem pela alma da Grã-Bretanha contra a maré crescente do cristianismo. "The King Stag" leva o ouvinte mais profundamente na rivalidade política/religiosa nos anos seguintes à coroação de Arthur. Gwenhwyfar, de posse de um segredo terrível, manipula seu marido para garantir sua lealdade à igreja cristã, enquanto a decisão de Vivian de confrontar Arthur sobre sua traição a Avalon resulta em tragédia. Nos bastidores, Morgana arranja o casamento de Lancelote, que ficou desesperado com o triângulo sem esperança em Camelot. Quando Gwenhwyfar ouve sobre seu casamento, ela jura vingança. Por meio de seu próprio casamento com Uriens de North Wales, Morgana trabalha para fortalecer a causa de Avalon. Ela retorna brevemente à Ilha das Brumas, apenas para descobrir que o tempo ainda não está maduro para ela reinar. O Livro Três conclui com a chegada do jovem Gwydion (Mordred) em cena. 0aLiteratura Americana 0aMedieval  0aFantasia 0aSeres mágicos  0aAventura 0aMitologia  0aFilme 0aRomance 0aFicção  aWaltensir DutraeTradutor aAs Brumas de AvalonvLivro 03